Statistics for Countries Closest to India - One Minute Sprint

Click here to take the quiz!

General Stats

  • This quiz has been taken 357 times
    (232 since last reset)
  • The average score is 14 of 20

Answer Stats

kmcountrymiles% Correct
0Pakistan0
97%
0China0
95%
0Nepal0
94%
1Sri Lanka1
93%
0Bhutan0
92%
0Bangladesh0
91%
211Afghanistan131
88%
0Myanmar0
86%
486Thailand302
78%
613Iran381
73%
717Laos445
62%
130Maldives81
62%
632Malaysia393
55%
721Vietnam448
55%
172Indonesia107
54%
277Tajikistan172
51%
733Turkmenistan455
45%
525Kyrgyzstan326
42%
617Uzbekistan384
40%
808Kazakhstan502
37%

Score Distribution

Percentile by Number Answered

Percent of People with Each Score

Your Score History

You have not taken this quiz since the last reset